| 000 | 00477nam a2200205Ia 4500 | ||
|---|---|---|---|
| 003 | 0100 | ||
| 008 | 130303s9999 xx 000 0 und d | ||
| 020 | _a687013631 | ||
| 040 | _cARRUPELIB | ||
| 050 | _aBS1160.H38 | ||
| 100 | _aHayes, John Haralson, 1934- | ||
| 245 | 3 | _aAn introduction to Old Testament Study | |
| 260 | _aNashville | ||
| 260 | _bAbingdon | ||
| 260 | _C1979 | ||
| 300 | _a400p. | ||
| 300 | _b 22cm. | ||
| 700 | _aJohn Haralson Hayes | ||
| 942 | 0 | 0 | _02 |
| 999 |
_c12145 _d12145 |
||